000 00363nam a2200133 i 4500
001 bg
100 1 _aHUU VIEM, H.
245 0 _aIzotermiczne i adiabatyczne fale przyśpieszenia w ośrodku sprężysto-plastycznym... /
_cH. Huu Viem.
260 _aWarszawa,
_c1984.
040 _cBPK
041 _apol
942 _cKS
008 s pl f |000 0 pol
999 _c22941
_d22941
856 _uhttp://koha.tu.koszalin.pl/cgi-bin/koha/opac-detail.pl?biblionumber=22941
_yKatalog online BPK